Comprensión de la lectura: fichas para el desarrollo de la comprensión de la lectura
Enregistré dans:
| Auteurs principaux: | , , |
|---|---|
| Format: | Livre |
| Langue: | espagnol |
| Publié: |
Santiago
Andrés Bello
1987
|
| Collection: | Serie de apoyo educativo
|
| Sujets: | |
| Tags: |
Ajouter un tag
Pas de tags, Soyez le premier à ajouter un tag!
|
MARC
| LEADER | 00000nam a2200000 a 4500 | ||
|---|---|---|---|
| 001 | UCW3870 | ||
| 003 | CL-VaPUC | ||
| 008 | 890503e19870000CL |||||||||||||||||spa|d | ||
| 082 | 0 | 4 | |a 372.414 |b ALL |2 21 |
| 100 | 0 | |a Alliende G., Felipe |e author |9 308273 | |
| 700 | 0 | |a Condemarín Grimberg, Mabel |e author |9 308274 | |
| 700 | 0 | |a Chadwick Weinstein, Mariana |e author |9 308275 | |
| 245 | 1 | 0 | |a Comprensión de la lectura: fichas para el desarrollo de la comprensión de la lectura |
| 300 | |a 3 v | ||
| 942 | |c BK | ||
| 945 | |d 19890503 00:00:00 |a rbrito | ||
| 260 | |a Santiago |b Andrés Bello |c 1987 | ||
| 500 | |a v.1: Destinadas a niños de 7 a 9 años | ||
| 500 | |a v.2: Destinadas a alumnos de 10 a 12 años | ||
| 500 | |a v.3: Destinadas a adolescentes | ||
| 650 | 0 | |a Comprensión de lectura |9 307588 | |
| 583 | |a last modification |c 19890503 00:00:00 |k Rodrigo Vera | ||
| 490 | 0 | |a Serie de apoyo educativo | |
| 999 | |c 217739 |d 217737 | ||
| 952 | |0 0 |1 0 |4 0 |6 372_414000000000000_ALL_1987 |7 0 |8 P |9 205892 |a BIBEDU |b BIBEDU |c BIBEDU_PB |d 2019-11-15 |h v.1 |i 2738554 |o 372.414 ALL 1987 |p 2738554 |r 2024-01-25 |w 2019-11-15 |y BK |k EDU | ||
| 952 | |0 0 |1 0 |4 0 |6 372_414000000000000_ALL_1987 |7 0 |8 P |9 205893 |a BIBEDU |b BIBEDU |c BIBEDU_PB |d 2019-11-15 |h v.1 |i 2738589 |o 372.414 ALL 1987 |p 2738589 |r 2024-01-25 |w 2019-11-15 |y BK |k EDU | ||
| 952 | |0 0 |1 0 |4 0 |6 372_414000000000000_ALL_1987 |7 0 |8 P |9 205894 |a BIBEDU |b BIBEDU |c BIBEDU_PB |d 2019-11-15 |h v.1 |i 2961571 |o 372.414 ALL 1987 |p 2961571 |r 2024-01-25 |w 2019-11-15 |y BK |k EPE | ||
| 952 | |0 0 |1 0 |4 0 |6 372_414000000000000_ALL_1987 |7 0 |8 P |9 205895 |a BIBEDU |b BIBEDU |c BIBEDU_PB |d 2019-11-15 |h v.1 |i 2961601 |o 372.414 ALL 1987 |p 2961601 |r 2024-01-25 |w 2019-11-15 |y BK |k EPE | ||
| 952 | |0 0 |1 0 |4 0 |6 372_414000000000000_ALL_1987 |7 0 |8 P |9 205896 |a BIBEDU |b BIBEDU |c BIBEDU_PB |d 2019-11-15 |h v.2 |i 2738562 |o 372.414 ALL 1987 |p 2738562 |r 2024-01-25 |w 2019-11-15 |y BK |k EDU | ||
| 952 | |0 0 |1 0 |4 0 |6 372_414000000000000_ALL_1987 |7 0 |8 P |9 205897 |a BIBEDU |b BIBEDU |c BIBEDU_PB |d 2019-11-15 |h v.2 |i 2767953 |o 372.414 ALL 1987 |p 2767953 |r 2024-01-25 |w 2019-11-15 |y BK |k EDU | ||
| 952 | |0 0 |1 0 |4 0 |6 372_414000000000000_ALL_1987 |7 0 |8 P |9 205898 |a BIBEDU |b BIBEDU |c BIBEDU_PB |d 2019-11-15 |h v.2 |i 296158K |o 372.414 ALL 1987 |p 296158K |r 2019-11-15 |w 2019-11-15 |y BK |k EPE | ||
| 952 | |0 0 |1 0 |4 0 |6 372_414000000000000_ALL_1987 |7 0 |8 P |9 205899 |a BIBEDU |b BIBEDU |c BIBEDU_PB |d 2019-11-15 |h v.2 |i 2738597 |o 372.414 ALL 1987 |p 2738597 |r 2024-01-25 |w 2019-11-15 |y BK |k EDU | ||
| 952 | |0 0 |1 0 |4 0 |6 372_414000000000000_ALL_1987 |7 0 |8 P |9 205900 |a BIBEDU |b BIBEDU |c BIBEDU_PB |d 2019-11-15 |h v.3 |i 2738570 |o 372.414 ALL 1987 |p 2738570 |r 2024-01-25 |w 2019-11-15 |y BK |k EDU | ||
| 952 | |0 0 |1 0 |4 0 |6 372_414000000000000_ALL_1987 |7 0 |8 P |9 205901 |a BIBEDU |b BIBEDU |c BIBEDU_PB |d 2019-11-15 |h v.3 |i 2738600 |o 372.414 ALL 1987 |p 2738600 |r 2024-01-25 |w 2019-11-15 |y BK |k EDU | ||
| 952 | |0 0 |1 0 |4 0 |6 372_414000000000000_ALL_1987 |7 0 |8 P |9 205902 |a BIBEDU |b BIBEDU |c BIBEDU_PB |d 2019-11-15 |h v.3 |i 2961598 |o 372.414 ALL 1987 |p 2961598 |r 2024-01-25 |w 2019-11-15 |y BK |k EPE | ||
| 952 | |0 0 |1 0 |4 0 |6 372_414000000000000_ALL_1987 |7 0 |8 P |9 205903 |a BIBEDU |b BIBEDU |c BIBEDU_PB |d 2019-11-15 |h v.3 |i 2961628 |o 372.414 ALL 1987 |p 2961628 |r 2024-01-25 |w 2019-11-15 |y BK |k EPE | ||
| 952 | |0 0 |1 0 |4 0 |6 372_414000000000000_ALL_1987 |7 0 |8 P |9 205904 |a BIBEDU |b BIBEDU |c BIBEDU_PB |d 2019-11-15 |h v.3 |i 2799731 |o 372.414 ALL 1987 |p 2799731 |r 2024-01-25 |w 2019-11-15 |y BK |k EDU | ||